| 000 | 00849nam a2200193Ia 4500 | ||
|---|---|---|---|
| 003 | Ost | ||
| 005 | 20260507075741.0 | ||
| 008 | 260507s9999||||xx |||||||||||||| ||und|| | ||
| 040 | _cfsecg | ||
| 041 | _aara | ||
| 082 | _a330 | ||
| 100 |
_aمسعد، محي محمد _eمؤلف |
||
| 245 | 0 |
_aكيفية كتابة الأبحاث وإعداد المحاضرات / _c محي محمد مسعد |
|
| 260 |
_aالإسكندرية: _bالمكتب الجامعي الحديث, _c2003 |
||
| 300 |
_a147 صفحة؛ _bإيضاحات ؛ _c24 سم |
||
| 520 | _aالخطوات المنهجية لكتابة البحث العلمي- أهم القواعد المنهجية للبحث في القرآن الكريم والسنة النبوية الشريفة- كيفية إعداد المحاضرات | ||
| 653 | _aالبحث العلمي | ||
| 942 | _cكتاب | ||
| 999 |
_c46144 _d46144 |
||